Language: Its nature, development and origin

Kaydedildi:
Detaylı Bibliyografya
Yazar: Otto Jespersen
Materyal Türü: Kitap
Dil:Undetermined
Baskı/Yayın Bilgisi: New York W.W.Norton 1964
Konular:
Etiketler: Etiketle
Etiket eklenmemiş, İlk siz ekleyin!
Thư viện lưu trữ: Trung tâm Học liệu Trường Đại học Cần Thơ
LEADER 00485nam a2200181Ia 4500
001 CTU_195
008 210402s9999 xx 000 0 und d
082 |a 410 
082 |b J58 
100 |a Otto Jespersen 
245 0 |a Language: Its nature, development and origin 
245 0 |c Otto Jespersen 
260 |a New York 
260 |b W.W.Norton 
260 |c 1964 
650 |a language and languages 
904 |i Minh,960718 
980 |a Trung tâm Học liệu Trường Đại học Cần Thơ